Lieux de tournage de Koh Lanta - Statistiques

Statistiques générales
  • Ce quiz a été pris 237 fois
    223 depuis la dernière actualisation
  • Le résultat moyen est 11 sur 14
Statistiques - réponses
Réponse % Correct
Thaïlande
92%
Fidji
90%
France (Polynésie Française)
87%
Philippines
87%
Cambodge
86%
Viêt Nam
85%
Malaisie
82%
Indonésie
81%
France (Nouvelle-Calédonie)
72%
Vanuatu
71%
Brésil
65%
Palaos
63%
Panama
63%
Costa Rica
55%
Aucun quiz correspondant
Distribution des résultats
% des personnes avec chaque résultat
Percentile par nombre de réponses
Votre historique - résultats
Vous n’avez pas pris ce quiz depuis la dernière actualisation